| 000 | 00866 a2200265 4500 | ||
|---|---|---|---|
| 003 | Nust | ||
| 005 | 20170207154024.0 | ||
| 020 | _a0-262-04199-5 (inb.) | ||
| 020 | _a978-0-262-54185-5 | ||
| 040 | _cNust | ||
| 082 | 0 |
_a573.8 _b01 |
|
| 100 | 1 | _aDayan, Peter | |
| 245 | 0 | 0 |
_aTheoretical neuroscience-(E-BOOK) _bcomputational and mathematical modeling of neural systems / _cPeter Dayan and L.F. Abbott |
| 260 |
_aCambridge, Mass. : _bMIT Press, _ccop. 2001 |
||
| 300 |
_axv, 460 s. : _bill. |
||
| 440 | 0 | _aComputational neuroscience | |
| 650 | 0 | _aComputational neuroscience | |
| 650 | 0 | _aComputer simulation | |
| 650 | 0 |
_aHuman information processing _xComputer simulation |
|
| 650 | 0 | _aModels, neurological | |
| 650 | 0 | _aNeural networks (Computer) | |
| 650 | 0 |
_aNeural networks (Neurobiology) _xComputer simulation |
|
| 651 | _aE-BOOK | ||
| 700 | 1 | _aAbbott, L. F. | |
| 942 |
_2ddc _cBK |
||
| 999 |
_c191804 _d191804 |
||